Normal view MARC view

Entry Geographic Name

Number of records used in: 36

001 - CONTROL NUMBER

  • control field: 5576

003 - CONTROL NUMBER IDENTIFIER

  • control field: TR-AnCHP

005 - DATE AND TIME OF LATEST TRANSACTION

  • control field: 20190326150345.0

008 - FIXED-LENGTH DATA ELEMENTS

  • fixed length control field: 190326|| aca||aabn | a|a d

040 ## - CATALOGING SOURCE

  • Original cataloging agency: TR-AnCHP

151 ## - HEADING--GEOGRAPHIC NAME

  • Geographic name: İstanbul (Türkiye)